Statistics for Match The National Park To State Quiz

Click here to take the quiz!

General Stats

  • This quiz has been taken 7 times
  • The average score is 14 of 15

Answer Stats

QuestionAnswer% Correct
Grand CanyonArizona
100%
RedwoodCalifornia
100%
YosemiteCalifornia
100%
EvergladesFlorida
100%
Gateway ArchMissouri
100%
Crater LakeOregon
100%
CongareeSouth Carolina
100%
Grand TetonWyoming
100%
Kenai FjordsAlaska
86%
Hot SpringsArkansas
86%
Dry TortugasFlorida
86%
AcadiaMaine
86%
OlympicWashington
86%
Great BasinNevada
71%
Glacier BayAlaska
57%

Score Distribution

Percentile by Number Answered

Percent of People with Each Score

Your Score History

You have not taken this quiz